000 01544nam a22003737a 4500
001 0003227
003 KOHA_MİRAKIL
005 20260207001331.0
007 ta
008 090323b1999 tu |||gr||||#0|||0|tur |
020 _a9753622384
040 _aTR-BiSEU
_btur
_cTR-BiSEU
_erda
041 0 _atur
044 _ctu
050 _aDR434
_b.T87 1999
100 1 _aTürkdoğan, Orhan.
245 1 _aEtnik sosyoloji/
_cOrhan Türkdoğan ; Orhan Türkdoğan.
264 1 _aİstanbul :
_bTimaş Yayınları
_c1999
300 _a615 sayfa
336 _ametin
_btxt
_2rdacontent
337 _aaracısız
_bn
_2rdamedia
338 _acilt
_bnc
_2rdacarrier
490 1 _aTimaş yayınları ;
_v348.
490 1 _aTürkiye gerçeği dizisi ;
_v11.
500 _aKaynakça ve dizin var.
505 _aEtnik Sosyoloji, "Hepimiz musiki notaları gibi birbirimizden farklı olsak bile yine birbirimiz için değil miyiz" düşüncesinden hareket ederek, bu aziz topraklar üzerinde yaşayan herkesi kucaklayan bir felsefeyi temsil etmekte. Zengin bir etnik mozaiğe sahip olan ülkemizde, geniş içeriğiyle bir ilk olan bu eser. Etnik Sosyoloji'nin kapsamını, amaç ve hedeflerini belirli sınırlar içinde ortaya koyan değerli ve ayrıcalıklı bir çalışmadır.
650 0 _aEtnoloji--Türkiye.
_98076
650 0 _aEtnik Gruplar.
_98077
650 0 _aEtnik kimlik--Türkiye.
_98078
830 1 _aTimaş yayınları ;
_v348.
_98079
830 1 _aTürkiye gerçeği dizisi ;
_v11.
_98080
907 _aTarih
942 _2lcc
_cBK
999 _c3211
_d3211